000 00303nam a22001337a 4500
008 170403b xxu||||| |||| 00| 0 eng d
020 _a9780139156533
041 _aeng
080 _23ED
_a574
100 _a9
101 _aSHM
245 _aECOLOGY THEORIESAND APPLICATIONS
_cSTILING.P
942 _2udc
_cBK
999 _c9536
_d9536